<?xml version="1.0" encoding="UTF-8"?><?xml-stylesheet type="text/xsl" href="static/style.xsl"?><OAI-PMH xmlns="http://www.openarchives.org/OAI/2.0/" xmlns:xsi="http://www.w3.org/2001/XMLSchema-instance" xsi:schemaLocation="http://www.openarchives.org/OAI/2.0/ http://www.openarchives.org/OAI/2.0/OAI-PMH.xsd"><responseDate>2026-06-02T17:23:02Z</responseDate><request verb="GetRecord" identifier="oai:riuma.uma.es:10630/12028" metadataPrefix="marc">https://riuma.uma.es/rest/oai/request</request><GetRecord><record><header><identifier>oai:riuma.uma.es:10630/12028</identifier><datestamp>2026-02-03T12:22:09Z</datestamp><setSpec>com_10630_2254</setSpec><setSpec>col_10630_37959</setSpec></header><metadata><record xmlns="http://www.loc.gov/MARC21/slim" xmlns:dcterms="http://purl.org/dc/terms/" xmlns:doc="http://www.lyncode.com/xoai" xmlns:xsi="http://www.w3.org/2001/XMLSchema-instance" xsi:schemaLocation="http://www.loc.gov/MARC21/slim http://www.loc.gov/standards/marcxml/schema/MARC21slim.xsd">
   <leader>00925njm 22002777a 4500</leader>
   <datafield ind2=" " ind1=" " tag="042">
      <subfield code="a">dc</subfield>
   </datafield>
   <datafield ind2=" " ind1=" " tag="720">
      <subfield code="a">Zúñiga-Noël, David</subfield>
      <subfield code="e">author</subfield>
   </datafield>
   <datafield ind2=" " ind1=" " tag="720">
      <subfield code="a">Ruiz-Sarmiento, José Raúl</subfield>
      <subfield code="e">author</subfield>
   </datafield>
   <datafield ind2=" " ind1=" " tag="720">
      <subfield code="a">González-Jiménez, Antonio Javier</subfield>
      <subfield code="e">author</subfield>
   </datafield>
   <datafield ind2=" " ind1=" " tag="260">
      <subfield code="c">2016</subfield>
   </datafield>
   <datafield ind2=" " ind1=" " tag="520">
      <subfield code="a">En este trabajo se propone un método que combina descriptores de imágenes de intensidad y de profundidad para detectar de manera robusta el problema de cierre de bucle en SLAM. La robustez del método, proporcionada por el empleo conjunto de información de diversa naturaleza, permite detectar lugares revisitados en situaciones donde m´etodos basados solo en intensidad o en profundidad&#xd;
presentan dificultades (p.e. condiciones&#xd;
de iluminación deficientes, o falta de geometría). Además, se ha diseñado el métod&#xd;
cuenta su eficiencia, recurriendo para ello al detector FAST para extraer las características de&#xd;
las observaciones y al descriptor binario BRIEF. La detección de bucle se completa con una Bolsa de Palabras binarias. El rendimiento del método propuesto se ha evaluado en condiciones reales, obteniéndose resultados muy satisfactorios.</subfield>
   </datafield>
   <datafield ind1="8" ind2=" " tag="024">
      <subfield code="a">http://hdl.handle.net/10630/12028</subfield>
   </datafield>
   <datafield tag="653" ind2=" " ind1=" ">
      <subfield code="a">Vehículos autodirigidos</subfield>
   </datafield>
   <datafield ind2="0" ind1="0" tag="245">
      <subfield code="a">Detección de Lugares con Camaras RGB-D. Aplicación a Cierre de Bucles en SLAM</subfield>
   </datafield>
</record>
</metadata></record></GetRecord></OAI-PMH>